An introduction to analysis

Guardat en:
Dades bibliogràfiques
Autor principal: William R. Wade
Format: Llibre
Idioma:Undetermined
Publicat: New Jersey Prentice Hall 2004
Matèries:
Etiquetes: Afegir etiqueta
Sense etiquetes, Sigues el primer a etiquetar aquest registre!
Thư viện lưu trữ: Trung tâm Học liệu Trường Đại học Cần Thơ
LEADER 00497nam a2200193Ia 4500
001 CTU_87473
008 210402s9999 xx 000 0 und d
020 |c 378000 
082 |a 515.22 
082 |b W121 
100 |a William R. Wade 
245 3 |a An introduction to analysis 
245 0 |c William R. Wade 
260 |a New Jersey 
260 |b Prentice Hall 
260 |c 2004 
650 |a mathematical analysis 
904 |i Giang 
980 |a Trung tâm Học liệu Trường Đại học Cần Thơ